000 00448nam a2200181Ia 4500
001 21067
005 20260306172852.0
008 260306t1996||||xx |||||||||||||| ||spa||
041 _aESP
082 _a344
_bJ414 N° 14
100 _aJakobs, Günther,
_eAUT
245 0 _a¿Ciencia del derecho:
_btécnica o humanística?
260 _c1996
300 _a30 páginas :
_c21 cm.
650 _aGEN
654 _aCDE
942 _cLIB
_dJUS
_fJUS
_2ddc
_n
999 _c21067
_d21067